00526nam a2200121Ia 4500008004100000100002200041245016900063245005400232260005900286650001800345650001500363856002600378170221s9999 xx 000 0 und d aL. Meghan Mahoney aSocial Media Health Communication: A Cross-Cultural Investigation on the Motivations and Challenges of Using Participatory Technology to Communicate with Patients  cL. Meghan Mahoney, Bessie Lawton, Lukas Pelliccio bOnline Journal of Communication and Media Technologies xCommunication xMedia Arts uhttp://www.ojcmt.net/